000 00792nam a2200289Ia 4500
005 20260324112703.0
008 008 260324s9999 xx 000 0 eng d
020 _a9781003407836
037 _aEBOOK
040 _aCRL
040 _beng
040 _cCRL
041 _2eng
041 _aeng
084 _qCRL
100 _aIndrasen Singh; Shubham Tayal; Niraj Pratap Singh; Vijay Shanker Tripathi; Ghanshyam Singh
_91143732
245 0 _a5G and Beyond Wireless Networks
245 0 _bTechnology, Network Deployments, and Materials for Antenna Design
260 _bTaylor and Francis
260 _c2024
365 _a
365 _b260
856 _uhttp://www.taylorfrancis.com/books/9781003407836
942 _cEBOOK
999 _c1733033
_d1733033